000 00429pab a2200157 454500
008 180718b2017 xxu||||| |||| 00| 0 eng d
100 _aSingh, Rajendra
245 _aThe indigenous systems of water management in India
260 _c2017
300 _ap.6-22.
362 _aJan
650 _aWater resources management - India
650 _aWater resources management
773 _aJournal of Governance
909 _a113824
999 _c113818
_d113818